| 000 | 00418nam a2200157Ia 4500 | ||
|---|---|---|---|
| 008 | 220216s9999 xx 000 0 und d | ||
| 100 | _aKarthikakuttyamma M | ||
| 245 | 0 | _aFertiliser value of Mussoorie Rock Phosphate for manuring of rubber | |
| 260 |
_bRubber Board Bulletin _c1978 |
||
| 300 | _a67-70 | ||
| 650 | _aManuring | ||
| 700 | _aAhammed M | ||
| 700 | _aChacko C K | ||
| 700 | _aGeorge E S | ||
| 942 | _cJS | ||
| 999 |
_c59357 _d59357 |
||